Tilastot visalle Etunimet suomalaisten elokuvien nimissä (2)

Klikkaa tästä pelataksesi tätä visaa!

Yleistilastot

  • Tätä visaa on pelattu 76 kertaa
  • Keskiarvotulos 6 / 15

Vastaustilastot

ElokuvaEtunimi% Oikein
Kaunis _____ eli Ballaadi Saimaalta (1950)Veera
87%
Muhoksen _____ (1952)Mimmi
60%
Kun Hunttalan _____ Suomen osti (1984)Matti
50%
_____ löytää sävelen(1950)Maija
46%
Rakkaudella, _____ (1999)Maire
46%
Herrojen ____ (1954)Eeva
44%
_______, tule takaisin (1951)Gabriel
44%
Älä itke _____ (1987)Iines
40%
Hallin _____ (1950)Janne
38%
Pää pystyyn ______ (1956)Helena
37%
Pikku _____ ja hänen karitsansa (1957)Ilona
27%
_____ ja Savon sulttaani (1953)Senni
25%
Ratavartijan kaunis ______ (1950)Inkeri
19%
Nukkekauppias ja kaunis ______ (1955)Lilith
19%
Nina ja ____ (1960)Erik
15%

Tulosjakauma

Persentiili vastausten määrän mukaan

Jokaisen tuloksen saaneiden osuus

Tuloshistoriasi

Et ole pelannut tätä visaa